=LDR 00000nam 2200000 4500 =001 INLIS000000000045212 =005 20251023013809 =035 ##$$a 0010-011500000000038 =008 251023################a##########0#ind## =082 ##$$a 028.5 =090 ##$$a f rom k $b gee j =100 ##$$a Geerts, Andre =245 1#$$a Jojo Janji Persahabatan /$c Andre Geerts =260 ##$$a Jakarta :$b PT. Elexmedia komputindo,$c 2011 =300 ##$$a 48 hlm : $b ilus ; $c 30 cm =850 ##$$a NBPMAT =084 ##$$a 028.5 GEE j =020 ##$$a 978-602-00-0402-0 =990 ##$$a 21100964 =990 ##$$a 0001/BPAP-NTB/20142015 =990 ##$$a 21100964 =990 ##$$a 0001/BPAP-NTB/20142015 =990 ##$$a 21100964 =990 ##$$a 21100964